000 01352nam a2200313 i 4500
001 bg
245 0 0 _aWęgiel aktywny w ochronie środowiska :
_bkonferencja naukowo-techniczna, Częstochowa-Hajnówka-Białowieża 15-17 października 1998 r. /
_c[red. Zdzisława Tasarz, Lucyna Żyła] ; organizatorzy konferencji Zakład Urządzeń Sanitarnych. Instytut Inżynierii Środowiska. Wydział Inżynierii i Ochrony Środowiska Politechniki Częstochowskiej, Gryfskand w Gryfinie.
260 _aCzęstochowa :
_bWydaw. PC,
_c1998.
300 _a193 s. :
_b1 fot., rys., wykr. ;
_c24 cm.
490 1 _aKonferencje / Politechnika Częstochowska,
_x1234-9895 ;
_v28
500 _aStreszcz. ang.
504 _aBibliogr. przy ref.
650 9 _aSpaliny
_xhigiena
650 9 _aŚrodowisko człowieka
_xhigiena i ochrona
650 9 _aWęgiel aktywny
_xstosowanie
650 9 _aWoda
_xtechnologia
655 _aMateriały konferencyjne
700 1 _aTASARZ, Zdzisława.
_eRed.
700 1 _aŻYŁA, Lucyna.
_eRed.
710 0 _aPolitechnika Częstochowska
_bZakład Urządzeń Sanitarnych
830 0 _aKonferencje (Politechnika Częstochowska) ;
_v28
020 _a837193050X
040 _cBPK
041 0 _apl
_ben
080 _a661.183.2:628.1+628.5](061)
920 _a83-7193-050-X
942 _cKS
008 s pl f |000 0 pol
999 _c37828
_d37828
856 _uhttp://koha.tu.koszalin.pl/cgi-bin/koha/opac-detail.pl?biblionumber=37828
_yKatalog online BPK